Proceedings of 1st International conference on Frontiers of Advanced engineering Materials(FAEM-04) (Record no. 247760)

000 -LEADER
fixed length control field 00303 a2200097 4500
001 - CONTROL NUMBER
control field 12687
090 ## - LOCALLY ASSIGNED LC-TYPE CALL NUMBER (OCLC); LOCAL CALL NUMBER (RLIN)
-- 9682
-- 9682
100 ## - MAIN ENTRY--PERSONAL NAME
Personal name Shahzad Alam
245 ## - TITLE STATEMENT
Title Proceedings of 1st International conference on Frontiers of Advanced engineering Materials(FAEM-04)
260 ## - PUBLICATION, DISTRIBUTION, ETC.
Place of publication, distribution, etc.
Name of publisher, distributor, etc. Ch. M.Boota printers Lahore
Date of publication, distribution, etc. 2005
942 ## - ADDED ENTRY ELEMENTS (KOHA)
Institution code [OBSOLETE] NUST-CAE
Koha item type
--
Holdings
Withdrawn status Lost status Damaged status Not for loan Collection code Permanent Location Current Location Date acquired Total Checkouts Barcode Date last seen Price effective from Koha item type
          College of Aeronautical Engineering (CAE) College of Aeronautical Engineering (CAE) 04/03/2017   CAEG-5742 04/05/2017 04/05/2017 Book
© 2023 Central Library, National University of Sciences and Technology. All Rights Reserved.